000
00312nam a22001337a 4500
020
_a
978-93-537815-7-6
082
_a
001
_b
BOO/G
100
_a
BOOK FORD
245
_a
GREAT SPORTS PERSONS
_b
SHORT BIOGRAPHY
260
_a
NEW DELHI
_b
BOOK FORD PUBLICATIONS
300
_a
48
520
_a
GREAT PERSONS
942
_c
BK
999
_c
6859
_d
6859